000
00248nam a22001097a 4500
999
_c
171117
_d
171117
082
_a
_b
100
_a
Vladimi Nabokov
245
_a
Collected poems/
_c
by Vladimi Nabokov.
260
_a
Oxford:
_b
Oxford University,
_c
650
_a
942
_c
BK